|
|
|
|
| LEADER |
00000nam0a2200000 4500 |
| 001 |
373886 |
| 005 |
20231102012615.0 |
| 010 |
|
|
|b 600 экз.
|
| 035 |
|
|
|a (RuTPU)RU\TPU\retro\31317
|
| 035 |
|
|
|a RU\TPU\book\306641
|
| 090 |
|
|
|a 373886
|
| 100 |
|
|
|a 20221216d1928 k y0rusy50 ca
|
| 101 |
0 |
|
|a rus
|
| 102 |
|
|
|a RU
|
| 105 |
|
|
|a f z 000zy
|
| 200 |
1 |
|
|a К расчету шихт основной мартеновской печи
|f Н. А. Костылев
|g Сибирский технологический институт имени Ф. Э. Дзержинского
|
| 210 |
|
|
|a Томск
|c Издание книжного кооператива студентов СТИ
|d 1928
|
| 215 |
|
|
|a 156 с.
|c диагр.
|
| 606 |
1 |
|
|a Мартеновские печи
|x Тепловой расчет
|2 stltpush
|3 (RuTPU)RU\TPU\subj\41078
|9 60896
|
| 610 |
1 |
|
|a шихта
|
| 610 |
1 |
|
|a руда
|
| 610 |
1 |
|
|a чугун
|
| 610 |
1 |
|
|a скрапные шихты
|
| 610 |
1 |
|
|a фосфор
|
| 610 |
1 |
|
|a содержание
|
| 610 |
1 |
|
|a металл
|
| 610 |
1 |
|
|a труды учёных ТПУ
|
| 610 |
1 |
|
|a коллекция ТПУ
|
| 675 |
|
|
|a 669.183.21
|v 3
|
| 700 |
|
1 |
|a Костылев
|b Н. А.
|
| 712 |
0 |
2 |
|a Сибирский технологический институт (СТИ)
|c (Томск)
|c (1923-1930)
|2 stltpush
|3 (RuTPU)RU\TPU\col\5002
|
| 801 |
|
1 |
|a RU
|b 63413507
|c 20101103
|
| 801 |
|
2 |
|a RU
|b 63413507
|c 20221216
|g RCR
|
| 942 |
|
|
|c BK
|